000 00509nam a2200193Ia 4500
005 20250423095647.0
008 250422s9999 xx 000 0 und d
020 _a9780199566341
050 _aRC 620 .H86/
100 _aEdited by Catherine Geissler and Hilary J. Powers
245 0 _aHuman nutrition
250 _a14th ed.
260 _aNew York
260 _bOxford University Press
260 _c2023
300 _a403 p
650 _aNutrition. Diet therapy. Nutrition disorders.
942 _cBK
999 _c30950
_d30950